Statistics for Countries Without First Two and Last Two Letters

Click here to take the quiz!

General Stats

  • This quiz has been taken 626 times
    (595 since last reset)
  • The average score is 10 of 21

Answer Stats

HintCountry% Correct
ILIPPINPhilippines
98%
ZAMBIQMozambique
96%
GHANISTAfghanistan
92%
XEMBOULuxembourg
85%
STRALAustralia
82%
HIOPEthiopia
71%
DORAndorra
69%
CARAGNicaragua
66%
UGUUruguay
60%
LAMalawi
34%
BANAlbania
33%
NAPanama
30%
NACanada
29%
VATuvalu
28%
IWTaiwan
24%
LARBelarus
23%
UADEcuador
22%
RIBAKiribati
21%
WAKuwait
15%
BANLebanon
14%
INGuinea
6%

Score Distribution

Percentile by Number Answered

Percent of People with Each Score

Your Score History

You have not taken this quiz since the last reset